[Event "2nd GMA World Cup prel  #1"]
[Site "Belgrade YUG"]
[Date "1988.??.??"]
[Round "?"]
[White "Ristic, Nenad"]
[Black "Jokic, Miodrag"]
[Result "1-0"]
[WhiteElo "2440"]
[BlackElo "2300"]
[EventDate "1988.12.??"]
[PlyCount "131"]

1.e4 d6 2.d4 Nf6 3.Nc3 g6 4.Nf3 Bg7 5.Be2 O-O 6.O-O Nc6 7.d5 Nb8 8.h3 c6 
9.Re1 Nbd7 10.Bf1 cxd5 11.exd5 Nb6 12.a4 a5 13.Be3 Re8 14.Ra3 Bd7 15.Bd4 
e5 16.dxe6 Rxe6 17.Rxe6 fxe6 18.Nb5 d5 19.Ne5 Be8 20.Qe1 Nbd7 21.Rb3 Ne4 
22.Nxd7 Bxd7 23.Bxg7 Kxg7 24.f3 Nf6 25.Nd4 Qc7 26.Bb5 Kf7 27.Bxd7 Qxd7 28.
Rb6 Ra6 29.Nc6 Kg7 30.Ne5 Qc7 31.Rb5 b6 32.Rb3 d4 33.Rd3 Qxc2 34.Rxd4 Qxb2
35.Nc6 b5 36.Rd2 Qb3 37.Nd4 Qc4 38.axb5 Rd6 39.Qe3 Kf7 40.Kh2 a4 41.Nc6 
Rxc6 42.bxc6 Nd5 43.Qa7+ Ne7 44.Rd4 Qxc6 45.Rd2 Kf8 46.Rd8+ Kf7 47.Qd7 
Qxd7 48.Rxd7 h5 49.Kg3 Kf6 50.Ra7 Nf5+ 51.Kf4 g5+ 52.Ke4 Nd6+ 53.Kd3 h4 
54.Rxa4 Kf5 55.Ra6 Nf7 56.Kd4 Kf6 57.Ke4 Nh6 58.Ra8 Nf5 59.Rf8+ Kg6 60.Ke5
Ne3 61.Rg8+ Kh6 62.Kxe6 Kh5 63.Kf6 Nd5+ 64.Kf7 g4 65.fxg4+ Kh6 66.Rh8+ 1-0

[Event "2nd GMA World Cup prel  #1"]
[Site "Belgrade YUG"]
[Date "1988.??.??"]
[Round "?"]
[White "Ristic, Nenad"]
[Black "Tan Chengxuan"]
[Result "1-0"]
[WhiteElo "2440"]
[BlackElo "2300"]
[EventDate "1988.12.??"]
[PlyCount "99"]

1.e4 e6 2.d4 d5 3.Nc3 Bb4 4.Qd3 dxe4 5.Qxe4 Nf6 6.Qh4 Be7 7.Nf3 b6 8.Qg3 
Bb7 9.Bb5+ c6 10.Bd3 Nbd7 11.Ne5 O-O 12.Bh6 Ne8 13.O-O c5 14.Nxd7 Qxd7 15.
dxc5 Bxc5 16.Rad1 Bd6 17.Bf4 Rd8 18.Qh3 h6 19.Bg5 Rc8 20.Nb5 Rc5 21.Bf4 
Rd5 22.c4 Bxf4 23.cxd5 Bxd5 24.Nc3 Nf6 25.Nxd5 Nxd5 26.Bc4 Qd6 27.g3 Be5 
28.b3 Rd8 29.Qh5 Bf6 30.Rd3 Qa3 31.Bxd5 exd5 32.Rxd5 Rxd5 33.Qxd5 Qxa2 34.
Rc1 Qb2 35.Rc8+ Kh7 36.Kg2 Qe5 37.Qa8 Qf5 38.Rc7 Bd4 39.Qf3 Qxf3+ 40.Kxf3 
a5 41.Rxf7 Kg6 42.Rd7 Bc5 43.Ke2 h5 44.f4 Kf6 45.Kf3 g5 46.Rd5 g4+ 47.Ke4 
Kg6 48.Rg5+ Kh6 49.Rxc5 bxc5 50.Kd5 1-0

[Event "2nd GMA World Cup prel  #1"]
[Site "Belgrade YUG"]
[Date "1988.??.??"]
[Round "?"]
[White "Ristic, Nenad"]
[Black "Vaiser, Anatoly"]
[Result "0-1"]
[WhiteElo "2440"]
[BlackElo "2530"]
[EventDate "1988.12.??"]
[PlyCount "106"]

1.Nf3 d5 2.d4 c6 3.c4 e6 4.e3 Bd6 5.Be2 f5 6.O-O Nd7 7.b3 Nh6 8.Qc2 Qf6 9.
Ba3 Bxa3 10.Nxa3 a5 11.Qb2 O-O 12.Nc2 b6 13.Ne5 Nxe5 14.dxe5 Qe7 15.Nd4 c5
16.Nb5 f4 17.exf4 Rxf4 18.Qd2 Rf5 19.cxd5 Rxe5 20.d6 Qf7 21.Bf3 Rb8 22.d7 
Qxd7 23.Qf4 Nf7 24.a4 Qe7 25.Bh5 g6 26.Bg4 Kg7 27.Rad1 Ba6 28.Nd6 Qf6 29.
Qxf6+ Kxf6 30.Nxf7 Kxf7 31.Rd7+ Kf6 32.Rfd1 h5 33.Bf3 Be2 34.Bxe2 Rxe2 35.
Kf1 Re4 36.R1d3 c4 37.Rf3+ Kg5 38.Rg7 cxb3 39.Rg3+ Rg4 40.Rxb3 Rxa4 41.Ra7
Ra2 42.Rb5+ Kh6 43.Rf7 a4 44.g4 hxg4 45.Rf4 a3 46.Rb3 Kg5 47.Rbb4 b5 48.
Rxg4+ Kh6 49.Kg2 Rf8 50.Rh4+ Kg7 51.Rxb5 Raxf2+ 52.Kg1 a2 53.Rb7+ Kg8 0-1

[Event "2nd GMA World Cup prel  #1"]
[Site "Belgrade YUG"]
[Date "1988.??.??"]
[Round "?"]
[White "Rodriguez Cespedes, Amador"]
[Black "Arkhipov, Sergei"]
[Result "1-0"]
[WhiteElo "2550"]
[BlackElo "2460"]
[EventDate "1988.12.??"]
[PlyCount "80"]

1.e4 e5 2.Nf3 Nf6 3.d4 Nxe4 4.Bd3 d5 5.Nxe5 Nd7 6.Nxd7 Bxd7 7.O-O Qh4 8.c4
O-O-O 9.c5 g5 10.Nc3 Nf6 11.Ne2 Ng4 12.h3 Nh6 13.Bd2 Rg8 14.f3 f5 15.Qe1 
Qh5 16.b4 Re8 17.Qf2 g4 18.Nf4 Qf7 19.g3 gxf3 20.Qxf3 Re4 21.Ne2 Qg6 22.
Kh2 Bg7 23.Nf4 Qe8 24.Nxd5 Rxd4 25.Rae1 Be5 26.Bf4 Ng4+ 27.hxg4 fxg4 28.
Qg2 Qh5+ 29.Kg1 Bxf4 30.Nxf4 Qg5 31.Qb2 Rxd3 32.Nxd3 Bb5 33.Qe5 Qd8 34.Re3
a5 35.Rf4 Re8 36.Qf5+ Kb8 37.Rxe8 Bxe8 38.Qf8 Qd7 39.Nf2 Ka7 40.a3 Bg6 1-0

[Event "2nd GMA World Cup prel  #1"]
[Site "Belgrade YUG"]
[Date "1988.??.??"]
[Round "?"]
[White "Rodriguez Cespedes, Amador"]
[Black "Mikhalchishin, Adrian"]
[Result "1/2-1/2"]
[WhiteElo "2550"]
[BlackElo "2480"]
[EventDate "1988.12.??"]
[PlyCount "106"]

1.e4 e5 2.Nf3 Nc6 3.Bb5 a6 4.Ba4 Nf6 5.O-O Be7 6.Re1 b5 7.Bb3 d6 8.c3 O-O 
9.h3 Nd7 10.d4 Bf6 11.a4 Bb7 12.Be3 Na5 13.Bc2 Nc4 14.Bc1 Ncb6 15.b3 bxa4 
16.bxa4 a5 17.Nbd2 Re8 18.Rb1 g6 19.Nf1 d5 20.Ng3 exd4 21.cxd4 dxe4 22.
Nxe4 Bg7 23.Bg5 Qc8 24.h4 Nd5 25.Rc1 Ra6 26.Bb1 Rc6 27.h5 Rxc1 28.Qxc1 
N5f6 29.hxg6 hxg6 30.Qf4 Nxe4 31.Bxe4 Rxe4 32.Rxe4 Bxe4 33.Qxe4 Nb6 34.Qc6
Qd7 35.Qxd7 Nxd7 36.Bd8 c5 37.d5 Bc3 38.Ng5 f5 39.Kf1 c4 40.Ke2 Nc5 41.Nf3
Nxa4 42.Nd2 Bb4 43.Nxc4 Nc3+ 44.Kf3 a4 45.d6 Kf7 46.d7 Ke6 47.Bf6 Kxd7 48.
Bxc3 Bxc3 49.Nb6+ Kc6 50.Nxa4 Be5 51.g4 Kb5 52.gxf5 gxf5 53.Nc3+ Bxc3 
1/2-1/2

[Event "2nd GMA World Cup prel  #1"]
[Site "Belgrade YUG"]
[Date "1988.??.??"]
[Round "?"]
[White "Rodriguez Cespedes, Amador"]
[Black "Spiridonov, Nikola"]
[Result "1-0"]
[WhiteElo "2550"]
[BlackElo "2420"]
[EventDate "1988.12.??"]
[PlyCount "97"]

1.e4 c6 2.d4 d5 3.Nd2 dxe4 4.Nxe4 Nd7 5.Bc4 Ngf6 6.Ng5 e6 7.Qe2 Nb6 8.Bb3 
h6 9.N5f3 c5 10.Bf4 a6 11.dxc5 Bxc5 12.Rd1 Nbd7 13.Ne5 Qa5+ 14.Kf1 Nxe5 
15.Bxe5 Bd7 16.Nf3 Bb5 17.c4 Bc6 18.Nd4 Bxd4 19.Bxd4 O-O-O 20.f3 Ba4 21.
Bxa4 Qxa4 22.b3 Qa5 23.Kf2 Rd7 24.Bxf6 gxf6 25.Rxd7 Kxd7 26.Rd1+ Kc8 27.
Qd2 Qxd2+ 28.Rxd2 Rg8 29.Rd4 Kc7 30.Rh4 Rg6 31.g4 e5 32.f4 exf4 33.Kf3 Kd6
34.Rh5 Rg5 35.Rxh6 Ke7 36.Rh5 Rg8 37.Kxf4 Rc8 38.h4 Rc6 39.Rd5 b6 40.h5 
Kf8 41.h6 Kg8 42.Kf5 Kh7 43.Rd7 Kxh6 44.Rxf7 Rc5+ 45.Kxf6 Rc6+ 46.Kf5 Rc5+
47.Ke4 Kg6 48.Ra7 a5 49.Rd7 1-0

[Event "2nd GMA World Cup prel  #1"]
[Site "Belgrade YUG"]
[Date "1988.??.??"]
[Round "?"]
[White "Rogers, Ian"]
[Black "Avshalumov, Alexander"]
[Result "0-1"]
[WhiteElo "2540"]
[BlackElo "2420"]
[EventDate "1988.12.??"]
[PlyCount "126"]

1.e4 c5 2.Nf3 Nc6 3.d4 cxd4 4.Nxd4 Qb6 5.Nb3 Nf6 6.Nc3 e6 7.Be3 Qc7 8.f4 
Bb4 9.Bd3 Bxc3+ 10.bxc3 d6 11.O-O e5 12.f5 h6 13.Qf3 b6 14.Qg3 Kf8 15.Bc1 
Nb8 16.a4 Nbd7 17.a5 Bb7 18.axb6 axb6 19.Rxa8+ Bxa8 20.Ba3 Bxe4 21.Rd1 Kg8
22.Bxe4 Nxe4 23.Qd3 Ndf6 24.Bxd6 Nxd6 25.Qxd6 Qxc3 26.Qd2 Qc6 27.Re1 e4 
28.Re3 Kh7 29.Rc3 Qb5 30.Rc7 Rf8 31.Qd6 Kg8 32.Rb7 Qxf5 33.Qxb6 Qd5 34.Nd4
Qh5 35.h3 Nd5 36.Qb2 Nf4 37.Rb8 Qe5 38.Rxf8+ Kxf8 39.Ne6+ Qxe6 40.Qb8+ Ke7
41.Qxf4 Qb6+ 42.Kh1 Qd4 43.Qc7+ Ke6 44.Qc6+ Kf5 45.c3 Qe5 46.Kg1 h5 47.Kf2
g5 48.Qc8+ Qe6 49.Qc5+ Kg6 50.Ke3 f5 51.c4 f4+ 52.Ke2 g4 53.hxg4 hxg4 54.
Qb5 e3 55.Qb1+ Kg5 56.Qb4 Qe4 57.Qa5+ Kh4 58.Qe1+ g3 59.Qa1 Qxg2+ 60.Kd3 
Qc6 61.Ke2 Kh3 62.c5 f3+ 63.Kxe3 Kg2 0-1

[Event "2nd GMA World Cup prel  #1"]
[Site "Belgrade YUG"]
[Date "1988.??.??"]
[Round "?"]
[White "Rogers, Ian"]
[Black "Nikolic, Nebojsa"]
[Result "1/2-1/2"]
[WhiteElo "2540"]
[BlackElo "2375"]
[EventDate "1988.12.??"]
[PlyCount "75"]

1.c4 c5 2.Nf3 g6 3.d4 cxd4 4.Nxd4 Nc6 5.e4 Nf6 6.Nc3 d6 7.Nc2 Bg7 8.Be2 
Nd7 9.Bd2 Nc5 10.b4 Ne6 11.Rb1 a5 12.a3 axb4 13.axb4 Ned4 14.Nxd4 Nxd4 15.
Bd3 O-O 16.Nd5 e6 17.Ne3 b6 18.O-O Bb7 19.Nc2 Nxc2 20.Qxc2 Bd4 21.Bh6 Re8 
22.Bf4 Bc6 23.b5 Bb7 24.Rbd1 Qc7 25.Rfe1 Qc5 26.Bf1 e5 27.Be3 Bxe3 28.Rxe3
Ra3 29.Rxa3 Qxa3 30.h4 Kg7 31.f3 Qe3+ 32.Kh1 Rd8 33.Qa2 Ra8 34.Qb2 Rd8 35.
Ra1 Ra8 36.Rd1 Rd8 37.Qa2 Ra8 38.Qb2 1/2-1/2

[Event "2nd GMA World Cup prel  #1"]
[Site "Belgrade YUG"]
[Date "1988.??.??"]
[Round "?"]
[White "Rogers, Ian"]
[Black "Zelic, Zdravko"]
[Result "1/2-1/2"]
[WhiteElo "2540"]
[BlackElo "2410"]
[EventDate "1988.12.??"]
[PlyCount "83"]

1.Nf3 Nf6 2.c4 e6 3.g3 d5 4.Bg2 Be7 5.O-O O-O 6.b3 a5 7.Nc3 b6 8.Bb2 Bb7 
9.d4 Nbd7 10.Rc1 c6 11.Qc2 Ba6 12.Rfd1 Rc8 13.Qb1 b5 14.Ne5 bxc4 15.bxc4 
Qb6 16.c5 Qc7 17.Nxd7 Nxd7 18.Qc2 Rb8 19.Na4 Bb5 20.Bc3 Qa7 21.Nb2 a4 22.
a3 f5 23.Qd2 Nf6 24.f3 Nd7 25.Kh1 h6 26.Qe3 e5 27.dxe5 Bxc5 28.Bd4 Bxd4 
29.Rxd4 Rbe8 30.f4 Nf6 31.Nd3 Ne4 32.Rxe4 c5 33.Rxa4 Qxa4 34.Bxd5+ Kh8 35.
Nxc5 Qa7 36.Rc3 Rc8 37.Kg1 Bc6 38.Bxc6 Rxc6 39.e6 Qe7 40.Nd7 Rfc8 41.Rxc6 
Rxc6 42.Ne5 1/2-1/2

[Event "2nd GMA World Cup prel  #1"]
[Site "Belgrade YUG"]
[Date "1988.??.??"]
[Round "?"]
[White "Rogic, Davor"]
[Black "Grun, Gerd-Peter"]
[Result "0-1"]
[WhiteElo "2285"]
[BlackElo "2380"]
[EventDate "1988.12.??"]
[PlyCount "134"]

1.e4 e5 2.Nf3 Nc6 3.Bb5 Nf6 4.O-O Bc5 5.d3 d6 6.h3 O-O 7.c3 a6 8.Ba4 Ba7 
9.Re1 h6 10.Nbd2 Ne7 11.Nf1 b5 12.Bb3 c5 13.Ne3 Bb7 14.c4 Bb6 15.Nh4 Bc8 
16.Qf3 Kh7 17.Kh2 Nc6 18.Nef5 Ng8 19.Qg3 g6 20.Ne3 Ba5 21.Rf1 Nd4 22.Bd1 
Be6 23.Nd5 Bxd5 24.cxd5 Ra7 25.Be3 Qe7 26.f4 Bd8 27.Nf3 f6 28.Rc1 Bb6 29.
Bd2 Qg7 30.Nxd4 exd4 31.Bf3 Ne7 32.Qe1 Rb8 33.g4 Bc7 34.b3 g5 35.e5 dxe5 
36.Be4+ Kh8 37.fxg5 fxg5 38.Rxc5 Bd6 39.Rc2 Nxd5 40.Bxd5 e4+ 41.Kg2 Qe5 
42.Rh1 e3 43.Bf3 Rf7 44.Bb4 Bc7 45.Rc6 Rxf3 46.Rxh6+ Kg7 47.Kxf3 Qd5+ 48.
Ke2 Qg2+ 49.Kd1 Bg3 50.Qg1 Qf3+ 51.Kc2 Rc8+ 52.Kb2 Kxh6 53.Qf1 Qxf1 54.
Rxf1 Bf2 55.a4 bxa4 56.bxa4 Rb8 57.Ka3 Rxb4 58.Kxb4 e2 59.Rb1 e1=Q+ 60.
Rxe1 Bxe1+ 61.Kc5 Bc3 62.a5 Bxa5 63.Kxd4 Kg6 64.Kc5 Kf6 65.d4 Ke6 66.Kc6 
Bd8 67.d5+ Ke5 0-1

[Event "2nd GMA World Cup prel  #1"]
[Site "Belgrade YUG"]
[Date "1988.??.??"]
[Round "?"]
[White "Rogic, Davor"]
[Black "Okhotnik, Vladimir"]
[Result "1/2-1/2"]
[WhiteElo "2285"]
[BlackElo "2445"]
[EventDate "1988.12.??"]
[PlyCount "90"]

1.e4 d6 2.d4 Nf6 3.Nc3 g6 4.Nf3 Bg7 5.h3 O-O 6.Be3 a6 7.a4 b6 8.Be2 e6 9.
O-O Nc6 10.Qd2 Bb7 11.Rad1 d5 12.e5 Ne4 13.Nxe4 dxe4 14.Nh2 h5 15.f3 Ne7 
16.fxe4 Bxe4 17.Bg5 Qd7 18.c3 Rae8 19.g4 Qxa4 20.Bf6 Qc2 21.Qg5 Qxe2 22.
Rd2 Qb5 23.Bxe7 f6 24.Bxf6 Rxf6 25.Rxf6 Bxf6 26.Qxf6 Qd7 27.Rf2 Qg7 28.Rf4
Bd5 29.gxh5 gxh5+ 30.Ng4 Rf8 31.Qxf8+ Qxf8 32.Rxf8+ Kxf8 33.Nf6 Bf3 34.Kf2
Bd1 35.Ke1 Bf3 36.Kf2 Bd1 37.Kg3 Kf7 38.Kf4 Kg6 39.h4 Bb3 40.Ne8 c6 41.Nc7
a5 42.Ne8 b5 43.Nd6 a4 44.Nc8 Bd5 45.Ne7+ Kh6 1/2-1/2

[Event "2nd GMA World Cup prel  #1"]
[Site "Belgrade YUG"]
[Date "1988.??.??"]
[Round "?"]
[White "Rogulj, Branko"]
[Black "Akopian, Vladimir"]
[Result "0-1"]
[WhiteElo "2355"]
[BlackElo "2455"]
[EventDate "1988.12.??"]
[PlyCount "118"]

1.e4 e6 2.d4 d5 3.Nc3 dxe4 4.Nxe4 Nd7 5.Nf3 Ngf6 6.Bg5 h6 7.Nxf6+ Nxf6 8.
Bh4 c5 9.dxc5 Qxd1+ 10.Rxd1 Bxc5 11.Bb5+ Ke7 12.O-O a6 13.Be2 g5 14.Bg3 
Nh5 15.Be5 f6 16.Bd4 Bxd4 17.Nxd4 Nf4 18.Bf3 e5 19.Rfe1 Rb8 20.g3 Nh3+ 21.
Kf1 g4 22.Bg2 Ng5 23.c4 a5 24.a4 Bd7 25.b3 h5 26.Rd2 h4 27.Re3 hxg3 28.
hxg3 Kf7 29.Nb5 Bc6 30.Nd6+ Ke6 31.Ne4 Nxe4 32.Bxe4 Rhd8 33.Ke2 f5 34.Red3
Rxd3 35.Bxd3 f4 36.c5 Bf3+ 37.Ke1 Rh8 38.Bc4+ Ke7 39.Rb2 Rh1+ 40.Kd2 Rh2 
41.Kc3 fxg3 42.fxg3 Rh3 43.Rd2 Rxg3 44.Rd6 Rh3 45.Re6+ Kd8 46.Rxe5 g3 47.
Rg5 g2 48.Kd2 Rh1 49.Ke3 g1=Q+ 50.Rxg1 Rxg1 51.Kxf3 Rg5 52.Ke4 Rxc5 53.Kd4
Rg5 54.Kc3 Kc7 55.Bd3 Rg4 56.Be2 Rh4 57.Bf1 Kd6 58.Bg2 b6 59.Bf1 Kc5 0-1

[Event "2nd GMA World Cup prel  #1"]
[Site "Belgrade YUG"]
[Date "1988.??.??"]
[Round "?"]
[White "Romanishin, Oleg"]
[Black "Epishin, Vladimir"]
[Result "1/2-1/2"]
[WhiteElo "2550"]
[BlackElo "2475"]
[EventDate "1988.12.??"]
[PlyCount "131"]

1.Nf3 Nf6 2.c4 e6 3.g3 b6 4.Bg2 Bb7 5.O-O Be7 6.d4 O-O 7.d5 exd5 8.Nh4 c6 
9.cxd5 Nxd5 10.Nf5 Nc7 11.Nc3 d5 12.e4 Bf6 13.Re1 Bc8 14.Qf3 Be6 15.g4 Nd7
16.Qg3 dxe4 17.Bxe4 Nd5 18.g5 Be5 19.Qh4 g6 20.Nh6+ Kh8 21.Bxd5 Bxd5 22.
Nxd5 cxd5 23.Be3 Bg7 24.Rad1 Ne5 25.Qg3 f6 26.Bd4 Nf7 27.Nxf7+ Rxf7 28.
gxf6 Bxf6 29.Re6 Bxd4 30.Rxd4 Qc7 31.Rxd5 Qc1+ 32.Kg2 Qxb2 33.Red6 Raf8 
34.Rd2 Qb4 35.Qe5+ Kg8 36.h3 Qf4 37.Qxf4 Rxf4 38.Rc6 R8f7 39.Rc3 Ra4 40.
Kg3 Kg7 41.f3 Kh6 42.a3 b5 43.Rb2 Rc4 44.Rd3 a6 45.Re2 Rfc7 46.Re6 Ra4 47.
h4 Rb7 48.Re5 Rf7 49.Re6 Kg7 50.Rc6 Re7 51.Kh3 Kf7 52.Kg3 Rb7 53.Re3 Rd7 
54.Rb6 Kg7 55.Rc6 Kh6 56.Rb6 Rdd4 57.Ree6 Rxa3 58.Rxa6 Rxa6 59.Rxa6 Kh5 
60.Ra7 h6 61.Rb7 Rd5 62.Rb6 Rf5 63.Rb7 Rd5 64.Rb6 Rc5 65.Rd6 b4 66.Rb6 
1/2-1/2

[Event "2nd GMA World Cup prel  #1"]
[Site "Belgrade YUG"]
[Date "1988.??.??"]
[Round "?"]
[White "Romanishin, Oleg"]
[Black "Orlov, Georgy"]
[Result "1-0"]
[WhiteElo "2550"]
[BlackElo "2425"]
[EventDate "1988.12.??"]
[PlyCount "101"]

1.d4 Nf6 2.Nf3 e6 3.g3 b6 4.Bg2 Bb7 5.c4 Be7 6.O-O O-O 7.d5 exd5 8.Nh4 c6 
9.cxd5 Nxd5 10.Nf5 Nc7 11.Nc3 d5 12.e4 Nba6 13.Re1 dxe4 14.Bxe4 Bf6 15.Nd6
Bxc3 16.Nxb7 Qxd1 17.Rxd1 Be5 18.Bxc6 Nb4 19.Bg2 Ne6 20.a3 Nc2 21.Rb1 Ncd4
22.Kf1 g5 23.Bd2 a5 24.Bc3 Ra7 25.Re1 Bg7 26.Nd6 Rb8 27.Rbd1 b5 28.Re4 Nb3
29.Bxg7 Kxg7 30.Re3 a4 31.Bd5 Nbc5 32.Nf5+ Kf8 33.Bxe6 fxe6 34.Re5 Rc7 35.
Rc1 Na6 36.Rxc7 Nxc7 37.Nd4 Kf7 38.Rxg5 Nd5 39.Rh5 Rh8 40.Rh4 b4 41.axb4 
Nxb4 42.Rf4+ Ke7 43.Nf5+ exf5 44.Rxb4 Kf6 45.Rxa4 Rc8 46.Ra6+ Kg5 47.Kg2 
Rc2 48.Rb6 Rc4 49.h4+ Kh5 50.Kh3 Rc2 51.f3 1-0

[Event "2nd GMA World Cup prel  #1"]
[Site "Belgrade YUG"]
[Date "1988.??.??"]
[Round "?"]
[White "Romanishin, Oleg"]
[Black "Wang Zili"]
[Result "1-0"]
[WhiteElo "2550"]
[BlackElo "2310"]
[EventDate "1988.12.??"]
[PlyCount "59"]

1.Nf3 c5 2.g3 g6 3.c3 Bg7 4.d4 d6 5.dxc5 dxc5 6.Qxd8+ Kxd8 7.Bg2 Nf6 8.Na3
Nfd7 9.Ng5 Ke8 10.Nb5 Na6 11.Bd5 f5 12.Bf7+ Kf8 13.Bb3 Ne5 14.Bf4 c4 15.
O-O-O Bf6 16.Bc2 Ng4 17.Rd8+ Kg7 18.Rxh8 Kxh8 19.f3 Nh6 20.Rd1 Kg7 21.h4 
Ng8 22.Be3 b6 23.Rd8 e5 24.Re8 Ne7 25.Ne6+ Kf7 26.Nec7 Nxc7 27.Nxc7 Rb8 
28.Bh6 Bg7 29.Bxg7 Nd5 30.Bxe5 1-0

[Event "2nd GMA World Cup prel  #1"]
[Site "Belgrade YUG"]
[Date "1988.??.??"]
[Round "?"]
[White "Ruban, Vadim"]
[Black "Dokhoian, Yury"]
[Result "1/2-1/2"]
[WhiteElo "2395"]
[BlackElo "2520"]
[EventDate "1988.12.??"]
[PlyCount "57"]

1.d4 Nf6 2.c4 e6 3.Nf3 b6 4.g3 Ba6 5.b3 Bb7 6.Bg2 Bb4+ 7.Bd2 c5 8.O-O O-O 
9.dxc5 bxc5 10.Bf4 d5 11.Ne5 Nc6 12.cxd5 Nxe5 13.Bxe5 exd5 14.Bc3 Qe7 15.
a3 Bxc3 16.Nxc3 Rad8 17.Qc2 Rfe8 18.Na4 Rc8 19.Rfe1 c4 20.b4 d4 21.Nc5 
Bxg2 22.Kxg2 Nd7 23.Qxc4 Nxc5 24.bxc5 Qxc5 25.Qxc5 Rxc5 26.Rad1 Rc3 27.
Rxd4 Rxa3 28.Rd7 Ra2 29.Rc1 1/2-1/2

[Event "2nd GMA World Cup prel  #1"]
[Site "Belgrade YUG"]
[Date "1988.??.??"]
[Round "?"]
[White "Ruban, Vadim"]
[Black "Panchenko, Alexander"]
[Result "1/2-1/2"]
[WhiteElo "2395"]
[BlackElo "2475"]
[EventDate "1988.12.??"]
[PlyCount "32"]

1.d4 d5 2.c4 c6 3.Nf3 Nf6 4.Nc3 e6 5.cxd5 exd5 6.Bg5 Be7 7.e3 Bf5 8.Bd3 
Bxd3 9.Qxd3 O-O 10.Bxf6 Bxf6 11.O-O Re8 12.b4 a6 13.Na4 Nd7 14.Nc5 Qc7 15.
Rfc1 Nb6 16.Nd2 Qe7 1/2-1/2

[Event "2nd GMA World Cup prel  #1"]
[Site "Belgrade YUG"]
[Date "1988.??.??"]
[Round "?"]
[White "Rukavina, Josip"]
[Black "Franzen, Jozef"]
[Result "1/2-1/2"]
[WhiteElo "2455"]
[BlackElo "2320"]
[EventDate "1988.12.??"]
[PlyCount "39"]

1.Nf3 Nf6 2.c4 e6 3.g3 d5 4.Bg2 dxc4 5.Qa4+ Nbd7 6.Qxc4 c5 7.d3 a6 8.Qb3 
Ra7 9.O-O b6 10.a4 Bb7 11.Nbd2 Be7 12.Nc4 O-O 13.e4 Bc6 14.Bf4 Ra8 15.Qc3 
Rc8 16.Nd6 Ra8 17.Nc4 Rc8 18.Qb3 Ra8 19.Bd2 Qc7 20.Bf4 1/2-1/2

[Event "2nd GMA World Cup prel  #1"]
[Site "Belgrade YUG"]
[Date "1988.??.??"]
[Round "?"]
[White "Rukavina, Josip"]
[Black "Ivanovic, Bozidar"]
[Result "1/2-1/2"]
[WhiteElo "2455"]
[BlackElo "2540"]
[EventDate "1988.12.??"]
[PlyCount "38"]

1.Nf3 Nf6 2.c4 e6 3.g3 d5 4.Bg2 Be7 5.O-O O-O 6.b3 c5 7.cxd5 exd5 8.d4 Nc6
9.Bb2 Re8 10.Nc3 Bg4 11.Rc1 cxd4 12.Nxd4 Qd7 13.Nxc6 bxc6 14.Na4 Rac8 15.
f3 Bh3 16.Bd4 Bxg2 17.Kxg2 Qb7 18.Qd3 Nd7 19.Nc5 Bxc5 1/2-1/2

[Event "2nd GMA World Cup prel  #1"]
[Site "Belgrade YUG"]
[Date "1988.??.??"]
[Round "?"]
[White "Rukavina, Josip"]
[Black "Rogic, Davor"]
[Result "1-0"]
[WhiteElo "2455"]
[BlackElo "2285"]
[EventDate "1988.12.??"]
[PlyCount "69"]

1.Nf3 Nf6 2.b3 g6 3.Bb2 Bg7 4.g3 O-O 5.Bg2 d6 6.d4 Nbd7 7.Nbd2 e5 8.dxe5 
Ng4 9.O-O dxe5 10.e4 Qe7 11.h3 Nh6 12.a4 Rd8 13.a5 f6 14.Qe2 Qf7 15.Rfd1 
Nc5 16.Bf1 Be6 17.Qe3 b6 18.Kh2 g5 19.Ng1 Qg6 20.Qe2 Bf8 21.Bg2 Rd7 22.
axb6 cxb6 23.Nc4 Rad8 24.Rxd7 Rxd7 25.b4 b5 26.Nxe5 fxe5 27.bxc5 Bxc5 28.
Qxb5 Rc7 29.Nf3 Qh5 30.Nxe5 Bxf2 31.Qd3 Rf7 32.Nxf7 Ng4+ 33.Kh1 Ne3 34.
Qd8+ Kxf7 35.Rxa7+ 1-0

[Event "2nd GMA World Cup prel  #1"]
[Site "Belgrade YUG"]
[Date "1988.??.??"]
[Round "?"]
[White "Samovojska, Damir"]
[Black "Mednis, Edmar John"]
[Result "1/2-1/2"]
[WhiteElo "2365"]
[BlackElo "2435"]
[EventDate "1988.12.??"]
[PlyCount "47"]

1.e4 c5 2.Nf3 Nc6 3.c3 Nf6 4.e5 Nd5 5.d4 cxd4 6.Bc4 Nb6 7.Bb3 d5 8.exd6 
Qxd6 9.O-O Bf5 10.Nxd4 Nxd4 11.cxd4 e6 12.Nc3 Be7 13.Qf3 O-O 14.Qxb7 Rfb8 
15.Qf3 Qxd4 16.Bf4 Rc8 17.Rad1 Qb4 18.Ne2 Qe4 19.Qxe4 Bxe4 20.Nc3 Bg6 21.
Nb5 Bc2 22.Bxc2 Rxc2 23.Rd2 Rxd2 24.Bxd2 1/2-1/2

[Event "2nd GMA World Cup prel  #1"]
[Site "Belgrade YUG"]
[Date "1988.??.??"]
[Round "?"]
[White "Samovojska, Damir"]
[Black "Raicevic, Vladimir"]
[Result "1/2-1/2"]
[WhiteElo "2365"]
[BlackElo "2455"]
[EventDate "1988.12.??"]
[PlyCount "37"]

1.d4 d5 2.Nf3 c5 3.c3 e6 4.Bg5 Be7 5.Bxe7 Qxe7 6.Nbd2 Nc6 7.e3 Nf6 8.Bd3 
O-O 9.Ne5 Nxe5 10.dxe5 Nd7 11.f4 f6 12.exf6 Rxf6 13.O-O e5 14.Bc2 exf4 15.
exf4 Qe3+ 16.Kh1 Rxf4 17.Bxh7+ Kxh7 18.Qh5+ Kg8 19.Qxd5+ 1/2-1/2

[Event "2nd GMA World Cup prel  #1"]
[Site "Belgrade YUG"]
[Date "1988.??.??"]
[Round "?"]
[White "Samovojska, Damir"]
[Black "Vasiukov, Evgeny"]
[Result "0-1"]
[WhiteElo "2365"]
[BlackElo "2485"]
[EventDate "1988.12.??"]
[PlyCount "96"]

1.d4 f5 2.h3 Nf6 3.g4 e6 4.Nf3 d5 5.Rg1 fxg4 6.hxg4 Bd6 7.g5 Ne4 8.Be3 Nc6
9.Nbd2 Nxd2 10.Qxd2 Bd7 11.O-O-O Qe7 12.Bf4 Rf8 13.Bxd6 cxd6 14.Rg3 O-O-O 
15.Bh3 Kb8 16.Ne1 Be8 17.Qe3 e5 18.Bg2 Bf7 19.dxe5 dxe5 20.Qa3 e4 21.Qxe7 
Nxe7 22.Bh3 Bh5 23.Bg4 Bxg4 24.Rxg4 Ng6 25.f3 Rde8 26.Rxd5 Nf4 27.Rd7 
Nxe2+ 28.Kd2 exf3 29.Rb4 b6 30.Ra4 a5 31.Nxf3 Rxf3 32.Rc4 Nf4 33.b3 Rf2+ 
34.Kc3 g6 35.Rxh7 Ne2+ 36.Kb2 Rc8 37.Rg7 Rxc4 38.bxc4 Nf4 39.Kc3 Rf3+ 40.
Kd2 Rg3 41.Rf7 Nh5 42.c5 bxc5 43.Re7 Rxg5 44.Kc3 Rg4 45.Re5 Nf6 46.Kb3 Nd7
47.Rd5 Kc7 48.Ka3 Kc6 0-1

[Event "2nd GMA World Cup prel  #1"]
[Site "Belgrade YUG"]
[Date "1988.??.??"]
[Round "?"]
[White "Sandic, Vladeta"]
[Black "Abramovic, Bosko"]
[Result "0-1"]
[WhiteElo "2290"]
[BlackElo "2445"]
[EventDate "1988.12.??"]
[PlyCount "74"]

1.d4 Nf6 2.c4 e6 3.Nc3 Bb4 4.e3 O-O 5.Ne2 d5 6.a3 Be7 7.Ng3 c5 8.dxc5 Bxc5
9.Be2 Nc6 10.O-O d4 11.Na4 Be7 12.b4 e5 13.Bb2 Be6 14.Rc1 Rc8 15.e4 g6 16.
c5 h5 17.f3 h4 18.Nh1 Nh5 19.Bc4 Bg5 20.Bxe6 fxe6 21.Rb1 Be3+ 22.Nf2 h3 
23.Kh1 hxg2+ 24.Kxg2 Nf4+ 25.Kh1 Bxf2 26.Rxf2 Kg7 27.Bc1 Qh4 28.Qf1 Nh3 
29.Rg2 d3 30.Rg3 Rh8 31.Qg2 Kf7 32.Nb2 Rh7 33.Be3 Rch8 34.Nxd3 Nf4 35.Bxf4
exf4 36.Nxf4 Qxh2+ 37.Qxh2 Rxh2+ 0-1

[Event "2nd GMA World Cup prel  #1"]
[Site "Belgrade YUG"]
[Date "1988.??.??"]
[Round "?"]
[White "Sandic, Vladeta"]
[Black "Flear, Glenn Curtis"]
[Result "1/2-1/2"]
[WhiteElo "2290"]
[BlackElo "2470"]
[EventDate "1988.12.??"]
[PlyCount "67"]

1.d4 d5 2.c4 e6 3.Nc3 Nf6 4.cxd5 exd5 5.Bg5 c6 6.Qc2 Be7 7.e3 Nbd7 8.Bd3 
O-O 9.Nf3 Re8 10.O-O Nf8 11.Rab1 Ng6 12.Bxf6 Bxf6 13.b4 a6 14.a4 Bg4 15.
Nd2 Be7 16.Rfc1 Bd6 17.Nf1 Qg5 18.b5 axb5 19.axb5 h5 20.bxc6 bxc6 21.Ne2 
Rac8 22.Rb6 Bd7 23.Rb7 Bg4 24.Rb6 Ne7 25.Kh1 h4 26.h3 Bh5 27.Ng1 Qf6 28.
Nh2 Kh8 29.Be2 Bg6 30.Ng4 Qe6 31.Bd3 Bh5 32.Be2 Bg6 33.Bd3 Bh5 34.Be2 
1/2-1/2

[Event "2nd GMA World Cup prel  #1"]
[Site "Belgrade YUG"]
[Date "1988.??.??"]
[Round "?"]
[White "Sandic, Vladeta"]
[Black "Liu Wenzhe"]
[Result "1-0"]
[WhiteElo "2290"]
[BlackElo "2395"]
[EventDate "1988.12.??"]
[PlyCount "69"]

1.d4 Nf6 2.c4 c5 3.d5 e6 4.Nc3 exd5 5.cxd5 d6 6.Nf3 g6 7.Nd2 a6 8.a4 Nbd7 
9.e4 Bg7 10.Be2 O-O 11.O-O Re8 12.Ra3 Rb8 13.a5 Ne5 14.Qc2 b5 15.axb6 Rxb6
16.Nd1 Nh5 17.Bxh5 gxh5 18.Ne3 Rb4 19.Ndc4 Qe7 20.Bd2 Rb8 21.Nxe5 Bxe5 22.
Nc4 Bd4 23.Re1 Bf5 24.Rg3+ Bg6 25.Bg5 f6 26.Bf4 h4 27.Rxg6+ hxg6 28.Bxd6 
Qb7 29.Bxb8 Rxb8 30.Kf1 Kg7 31.h3 Qb5 32.Ra1 Re8 33.Ra5 Qb4 34.Rxa6 f5 35.
Rb6 1-0

[Event "2nd GMA World Cup prel  #1"]
[Site "Belgrade YUG"]
[Date "1988.??.??"]
[Round "?"]
[White "Sandic, Vladeta"]
[Black "Panchenko, Alexander"]
[Result "1-0"]
[WhiteElo "2290"]
[BlackElo "2475"]
[EventDate "1988.12.??"]
[PlyCount "101"]

1.d4 Nf6 2.c4 e6 3.Nc3 d5 4.cxd5 exd5 5.Bg5 Be7 6.e3 O-O 7.Qc2 Nbd7 8.Bd3 
Re8 9.Nf3 Nf8 10.O-O c6 11.Rab1 Ng6 12.b4 Bd6 13.Bf5 Bxf5 14.Qxf5 Qd7 15.
Qxd7 Nxd7 16.b5 Nb6 17.Bh4 Nxh4 18.Nxh4 Rec8 19.bxc6 Rxc6 20.Nb5 Bf8 21.
Nf3 f6 22.Rfc1 Nc4 23.Nc3 Na3 24.Ra1 Rac8 25.Ne2 b5 26.Rxc6 Rxc6 27.Rc1 
Rxc1+ 28.Nxc1 Nb1 29.Ne1 Nc3 30.Ned3 Kf7 31.Kf1 Ke6 32.Ke1 a5 33.Kd2 Ne4+ 
34.Kc2 a4 35.Ne2 g5 36.f3 Nd6 37.Nc5+ Kf7 38.Nc3 Nf5 39.Kd3 Nh4 40.Nxb5 
Nxg2 41.Nxa4 f5 42.Nac3 g4 43.fxg4 fxg4 44.Ke2 Ke6 45.Kf2 Nh4 46.Nc7+ Kf7 
47.N7xd5 Bd6 48.Nf4 Bxf4 49.exf4 Nf5 50.d5 Ke7 51.Ne4 1-0